000 00778nam a2200277 i 4500
001 C2-0315293
003 PPAK
005 20180728111044.0
008 120604s2012 my a|||| ||||| | zxx d
020 _a9789673434565
040 _aPPAK
_beng
_cPPAK
_erda
082 0 4 _a507.6
_223
090 0 0 _a507.6
_bGIA
_dRK
100 1 _aGiam, Yee Sim,
_eauthor
245 1 0 _aScience
264 1 _aPetaling Jaya, Selangor :
_bPenerbit Ilmu Bakti ,
_c2012
300 _a392 pages :
_bcolour illustrations ;
_c20 cm
336 _2rdacontent
_atext
337 _2rdamedia
_aunmediated
338 _2rdacarrier
_avolume
490 1 _aExpress revision UPSR
650 1 0 _aScience, Problems, exercises, etc.
700 _eauthor
830 0 _aExpress revision UPSR
942 _ddc
_cB
999 _c116552
_d116552